000 01964nam2a22003131 4500
001 v19\rc\1907743
005 20251118180543.3
035 _a(NLR Aleph) 004996767
090 _a6343966
_c6343966
100 _a20080404d1911 u y0rusy50 ca
101 1 _arus
_cger
102 _aRU
105 _ay z |||||
200 1 _aМеждународные нормы испытания сельскохозяйственных машин и орудий
_fПер. с нем. Г.И. Гейзе
210 _d1911
215 _a[2], 2, 51 с.
423 0 _11011#$arus$cger
_12001#$a2). Основные положения для испытания машин мотокультуры$fИнж. Конр. фон-Мейенбург. (Цюрих)$gПерев.-извлеч. с нем. Г.И. Гейзе
_1700#1$aМейенбург$bК. фон$gКонрад фон
_t2). Основные положения для испытания машин мотокультуры
_aМейенбург, Конрад фон
461 0 _1001v19\rc\1907742
_12001#$aПрограммы и методы испытания сельскохозяйственных машин и орудий$eВып. 1-3$fБюро по с.-х. механике при Учен. ком. Г.У.З. и З.$vВып. 1. 1)
_96343960
_cСанкт-Петербург
_d1911-1914
_fБюро по с.-х. механике при Учен. ком. Г.У.З. и З.
_oВып. 1-3
_p3 т.
_tПрограммы и методы испытания сельскохозяйственных машин и орудий
_vВып. 1. 1)
517 0 _aОсновные положения для испытания машин мотокультуры
702 1 _aГейзе
_bГ.И.
_4730
801 0 _aRU
_bNLR
_gpsbo
801 0 _aRU
_bRuMoRGB
_2psbo
801 1 _aRU
_bProSoft-M
_2rusmarc
852 _aNLR
_j37.39.4.39(1)
899 _aRuMoRGB
_jV 58/310
899 _aRuMoRGB
_jV 200/606
899 _aБАН
942 _cBOOK
980 _aNB